[Event "Titled Tuesday intern op 07th Jan Early"]
[Site "Chess.com INT"]
[Date "2025.01.07"]
[Round "4"]
[White "Matinian, Nikita"]
[Black "Buzas, Bertalan"]
[Result "1-0"]
[WhiteElo "2415"]
[BlackElo "2317"]
[PlyCount "67"]
[EventDate "2025.01.07"]
[EventType "swiss (blitz)"]
[EventRounds "11"]
[EventCountry "USA"]
[SourceTitle "CB03_2025"]
[SourceDate "2025.01.15"]
[SourceVersion "1"]
[SourceVersionDate "2025.01.15"]
[SourceQuality "1"]

1. Nf3 d5 2. g3 e6 3. Bg2 Nf6 4. 0-0 Be7 5. d3 0-0 6. Nbd2 c5 7. e4 Nc6 8. e5 Nd7 9. Re1 a5 10. Nf1 a4 11. h4 a3 12. b3 f6 13. exf6 Bxf6 14. Rb1 Re8 15. Ng5 Nf8 16. c4 dxc4 17. bxc4 Nd4 18. Nh2 h6 19. Ne4 Be7 20. Ng4 Ra7 21. Ne5 Nd7 22. Ng6 Nf8 23. Nxe7+ Qxe7 24. Bf4 e5 25. Be3 Be6 26. Nc3 Qf7 27. Nd5 Ng6 28. h5 Ne7 29. Nc7 Rb8 30. Bxd4 cxd4 31. Rxe5 Bd7 32. Qe1 Kf8 33. Qb4 b5 34. Rbe1 1-0

[Event "Titled Tuesday intern op 07th Jan Early"]
[Site "Chess.com INT"]
[Date "2025.01.07"]
[Round "8"]
[White "Perez Gormaz, Matias Ariel"]
[Black "Buzas, Bertalan"]
[Result "1-0"]
[WhiteElo "2396"]
[BlackElo "2317"]
[PlyCount "55"]
[EventDate "2025.01.07"]
[EventType "swiss (blitz)"]
[EventRounds "11"]
[EventCountry "USA"]
[SourceTitle "CB03_2025"]
[SourceDate "2025.01.15"]
[SourceVersion "1"]
[SourceVersionDate "2025.01.15"]
[SourceQuality "1"]

1. e4 c6 2. d4 d5 3. e5 Bf5 4. h4 h5 5. Bd3 Bxd3 6. Qxd3 e6 7. Nf3 Nd7 8. Bg5 Be7 9. Nc3 c5 10. Nb5 Qa5+ 11. b4 Qxb4+ 12. c3 Qa5 13. Bxe7 Kxe7 14. 0-0 c4 15. Qb1 Nh6 16. Nd6 b6 17. Qc1 f6 18. Re1 Nf7 19. Qf4 f5 20. Qg3 Rag8 21. Nxf5+ Kd8 22. Nd6 Nh6 23. Ng5 Ke7 24. Qf3 Rf8 25. Qxh5 Nf5 26. Qg6 Rh6 27. Nxf5+ Rxf5 28. Qxg7+ 1-0

[Event "Titled Tuesday intern op 24th Sep Early"]
[Site "Chess.com INT"]
[Date "2024.09.24"]
[Round "11"]
[White "Molina Mendoza, Omar"]
[Black "Buzas, Bertalan"]
[Result "1-0"]
[WhiteElo "2101"]
[BlackElo "2300"]
[PlyCount "125"]
[EventDate "2024.09.24"]
[EventType "swiss (blitz)"]
[EventRounds "11"]
[EventCountry "USA"]
[SourceTitle "EXT 2025"]
[Source "ChessBase"]
[SourceDate "2024.10.14"]
[SourceVersion "1"]
[SourceVersionDate "2024.10.14"]
[SourceQuality "1"]

1. c4 d6 2. d4 Nf6 3. Nc3 Nbd7 4. f4 g6 5. e4 e5 6. Nf3 Bg7 7. g3 exd4 8. Nxd4 0-0 9. Bg2 Re8 10. 0-0 Nc5 11. Re1 Bg4 12. Qd2 a5 13. b3 c6 14. Bb2 Qb6 15. Kh1 Rad8 16. h3 Bc8 17. Rad1 Re7 18. Qf2 Rde8 19. Nc2 Qc7 20. e5 dxe5 21. Qxc5 exf4 22. Rxe7 Rxe7 23. gxf4 Nh5 24. Qd6 Qxd6 25. Rxd6 Bd7 26. Bf3 Nxf4 27. Na4 Bxb2 28. Nxb2 Nxh3 29. Kg2 Ng5 30. Na4 h5 31. Nc5 Bh3+ 32. Kf2 Kg7 33. Ne3 h4 34. Ng2 Bxg2 35. Bxg2 h3 36. Bh1 Re5 37. Nd3 Rf5+ 38. Kg3 Rf1 39. Kh2 Rd1 40. Rd7 Rd2+ 41. Kg3 Rxa2 42. Ne5 a4 43. Rxb7 axb3 44. Rxb3 c5 45. Rb7 Re2 46. Nxf7 Nxf7 47. Bd5 Re3+ 48. Kh2 Re2+ 49. Kg3 Re3+ 50. Kf2 Re5 51. Rxf7+ Kh6 52. Rf3 Rh5 53. Kg1 g5 54. Rg3 Kg6 55. Kh2 Rh8 56. Rxh3 Rb8 57. Re3 Rb2+ 58. Kg3 Kf5 59. Be6+ Kf6 60. Bg4 Rc2 61. Be2 Kf5 62. Bd3+ Kf6 63. Bxc2 1-0

[Event "Titled Tuesday intern op 24th Sep Early"]
[Site "Chess.com INT"]
[Date "2024.09.24"]
[Round "5"]
[White "Shukhman, Anna"]
[Black "Buzas, Bertalan"]
[Result "0-1"]
[WhiteElo "2163"]
[BlackElo "2300"]
[PlyCount "118"]
[EventDate "2024.09.24"]
[EventType "swiss (blitz)"]
[EventRounds "11"]
[EventCountry "USA"]
[SourceTitle "EXT 2025"]
[Source "ChessBase"]
[SourceDate "2024.10.14"]
[SourceVersion "1"]
[SourceVersionDate "2024.10.14"]
[SourceQuality "1"]

1. e4 d6 2. d4 Nf6 3. Nc3 Nbd7 4. f4 e5 5. Nf3 exd4 6. Nxd4 Be7 7. Bc4 0-0 8. 0-0 c6 9. h3 d5 10. exd5 Nb6 11. Bd3 Nbxd5 12. Nxd5 Nxd5 13. c3 Bf6 14. Nc2 Qb6+ 15. Kh1 Re8 16. Qf3 Bd7 17. a3 Qc7 18. c4 Nb6 19. f5 Rad8 20. Bf4 Qc8 21. Qg3 Bxf5 22. Bxf5 Qxf5 23. Bc7 Qxc2 24. Rxf6 Rd1+ 25. Rxd1 Qxd1+ 26. Kh2 Re1 27. Qg5 Rh1+ 28. Kg3 Qe1+ 29. Rf2 h6 30. Qd8+ Kh7 31. Qd3+ g6 32. Bxb6 axb6 33. Qf3 Qe5+ 34. Qf4 Qxf4+ 35. Rxf4 Kg7 36. Rd4 Rb1 37. Rd7 Rxb2 38. Rxb7 c5 39. a4 Rb4 40. Kf2 Kf6 41. Rc7 Ke6 42. Rc6+ Kf5 43. g4+ Ke5 44. a5 bxa5 45. Rxc5+ Kf4 46. Rxa5 Rb2+ 47. Kg1 Rc2 48. Ra7 f5 49. gxf5 gxf5 50. Ra3 Rxc4 51. Kf2 Rc2+ 52. Kf1 Rh2 53. Kg1 Rb2 54. h4 Kg4 55. Kf1 f4 56. Kg1 Kxh4 57. Kf1 Kg4 58. Kg1 h5 59. Ra8 h4 0-1

[Event "Titled Tuesday intern op 17th Sep Early"]
[Site "Chess,com INT"]
[Date "2024.09.17"]
[Round "8"]
[White "Buzas, Bertalan"]
[Black "Kislinsky, Alexey"]
[Result "0-1"]
[WhiteElo "2300"]
[BlackElo "2355"]
[PlyCount "74"]
[EventDate "2024.09.17"]
[EventType "swiss (blitz)"]
[EventRounds "11"]
[EventCountry "USA"]
[SourceTitle "EXT 2025"]
[Source "ChessBase"]
[SourceDate "2024.10.14"]
[SourceVersion "1"]
[SourceVersionDate "2024.10.14"]
[SourceQuality "1"]

1. e4 c5 2. Nf3 Nc6 3. Bb5 d6 4. 0-0 Bd7 5. Re1 Nf6 6. c3 a6 7. Bf1 Bg4 8. h3 Bxf3 9. Qxf3 Rg8 10. Qd1 g5 11. g3 g4 12. h4 Bh6 13. Na3 Ne5 14. Bg2 Nd3 15. Rf1 Nd7 16. Nc2 N7e5 17. Ne1 c4 18. b3 b5 19. bxc4 bxc4 20. Nxd3 cxd3 21. Rb1 Qa5 22. Rb4 Kf8 23. a3 Kg7 24. c4 Kh8 25. Bb2 Bg7 26. Qb3 Nc6 27. Bxg7+ Kxg7 28. Ra4 Rgb8 29. Qd1 Qh5 30. e5 Nxe5 31. Bxa8 Rxa8 32. Qb3 Rc8 33. Rxa6 Qf5 34. Ra7 Nf3+ 35. Kg2 Qe4 36. Qc3+ e5 37. Rc1 Nxh4+ 0-1

[Event "Titled Tuesday intern op 17th Sep Early"]
[Site "Chess,com INT"]
[Date "2024.09.17"]
[Round "4"]
[White "Grot, Blazej"]
[Black "Buzas, Bertalan"]
[Result "1/2-1/2"]
[WhiteElo "2190"]
[BlackElo "2300"]
[PlyCount "162"]
[EventDate "2024.09.17"]
[EventType "swiss (blitz)"]
[EventRounds "11"]
[EventCountry "USA"]
[SourceTitle "EXT 2025"]
[Source "ChessBase"]
[SourceDate "2024.10.14"]
[SourceVersion "1"]
[SourceVersionDate "2024.10.14"]
[SourceQuality "1"]

1. e4 c6 2. d4 d5 3. Nd2 dxe4 4. Nxe4 Nf6 5. Nxf6+ exf6 6. c3 Bd6 7. Bd3 0-0 8. Ne2 Re8 9. 0-0 Nd7 10. Ng3 g6 11. Qf3 Nf8 12. Ne4 Be7 13. Bh6 Be6 14. Rfe1 f5 15. Ng3 Bd5 16. Qd1 b5 17. Qd2 Bf6 18. Rxe8 Qxe8 19. a4 a6 20. Re1 Qd7 21. Bg5 Bxg5 22. Qxg5 Qd8 23. Qh6 Be6 24. h4 bxa4 25. h5 Rb8 26. hxg6 hxg6 27. Re2 c5 28. Qf4 cxd4 29. cxd4 Rb4 30. Bxa6 Rxd4 31. Qe3 Rd1+ 32. Re1 Rxe1+ 33. Qxe1 Qb6 34. Qe2 Nd7 35. Bc8 Qc7 36. Bxd7 Qxd7 37. Nf1 f4 38. Nd2 Qd4 39. Nf3 Qb6 40. Qe5 Qb4 41. Ng5 Qc4 42. Qb8+ Qc8 43. Qxf4 Qc5 44. Qf6 Qf5 45. Qd8+ Kg7 46. Qd4+ Qf6 47. Nxe6+ fxe6 48. Qxa4 Qxb2 49. Qd7+ Kf6 50. Qd8+ Kf7 51. Qc7+ Kf6 52. Qf4+ Kg7 53. Qe3 Qb1+ 54. Kh2 Qf5 55. g3 Qh5+ 56. Kg2 Qd5+ 57. f3 Qa2+ 58. Kh3 Qd5 59. g4 g5 60. Kg3 Qd6+ 61. Kh3 Qd5 62. Qa7+ Kg6 63. Qe3 Kf6 64. Kg2 Qa2+ 65. Kg3 Qd5 66. Qc3+ Kg6 67. Qc2+ Kf6 68. Qc7 Qe5+ 69. Qxe5+ Kxe5 70. Kg2 Kf4 71. Kf2 e5 72. Ke2 e4 73. fxe4 Kxe4 74. Kf2 Kf4 75. Kf1 Kxg4 76. Kg2 Kf4 77. Kf2 g4 78. Kg2 g3 79. Kg1 Kf3 80. Kf1 g2+ 81. Kg1 Kg3 1/2-1/2

[Event "Titled Tuesday intern op 17th Sep Early"]
[Site "Chess,com INT"]
[Date "2024.09.17"]
[Round "6"]
[White "Vovk, Orest"]
[Black "Buzas, Bertalan"]
[Result "0-1"]
[WhiteElo "2315"]
[BlackElo "2300"]
[PlyCount "84"]
[EventDate "2024.09.17"]
[EventType "swiss (blitz)"]
[EventRounds "11"]
[EventCountry "USA"]
[SourceTitle "EXT 2025"]
[Source "ChessBase"]
[SourceDate "2024.10.14"]
[SourceVersion "1"]
[SourceVersionDate "2024.10.14"]
[SourceQuality "1"]

1. h4 h5 2. Nf3 g6 3. Ng5 Bg7 4. Nc3 d6 5. e4 c6 6. Bc4 e6 7. Qf3 Qf6 8. d3 Qxf3 9. Nxf3 d5 10. Bb3 Ne7 11. Bg5 Nd7 12. 0-0-0 Nc5 13. exd5 Nxb3+ 14. axb3 exd5 15. Rde1 Be6 16. Ne2 Kd7 17. Bxe7 Kxe7 18. Ned4 Kd7 19. Nxe6 fxe6 20. Ng5 e5 21. Rh3 Rhf8 22. f3 Rae8 23. Rg3 Bf6 24. Nh7 Bxh4 25. Nxf8+ Rxf8 26. Rxg6 Bxe1 27. Rg7+ Kd6 28. Rxb7 Rg8 29. Kd1 Bf2 30. g4 hxg4 31. fxg4 Rxg4 32. c3 Bb6 33. b4 Rg2 34. Kc1 e4 35. d4 e3 36. Rb8 Bc7 37. Rc8 Kd7 38. Rh8 Bg3 39. Rh7+ Ke6 40. Rh8 e2 41. Re8+ Kd7 42. Rxe2 Rxe2 0-1

[Event "HUN-ch Blitz"]
[Site "Ajka"]
[Date "2024.07.19"]
[Round "10"]
[White "Buzas, Bertalan"]
[Black "Banusz, Tamas"]
[Result "0-1"]
[WhiteElo "2276"]
[BlackElo "2605"]
[PlyCount "80"]
[EventDate "2024.07.19"]
[EventType "swiss (blitz)"]
[EventRounds "13"]
[EventCountry "HUN"]
[SourceTitle "CBM 221 Extra"]
[Source "ChessBase"]
[SourceDate "2024.09.30"]
[SourceVersion "1"]
[SourceVersionDate "2024.09.30"]
[SourceQuality "1"]

1. d4 d5 2. c4 c6 3. cxd5 cxd5 4. Bf4 Nf6 5. e3 Nc6 6. Nc3 Bf5 7. Qb3 Na5 8. Qa4+ Bd7 9. Qc2 e6 10. h3 Be7 11. Nf3 Ne4 12. Bd3 Rc8 13. 0-0 Nxc3 14. bxc3 Nc4 15. e4 dxe4 16. Bxe4 Bc6 17. Bxc6+ Rxc6 18. Nd2 Nxd2 19. Bxd2 0-0 20. Qe4 Qd7 21. Rab1 b6 22. Rfd1 Rfc8 23. Be1 Rc4 24. Qf3 h6 25. Rb2 Rd8 26. Rbd2 Qd5 27. Qxd5 Rxd5 28. Rd3 Ra4 29. Re3 Rxa2 30. c4 Rd7 31. d5 exd5 32. cxd5 f6 33. Red3 Bc5 34. Bd2 Kf7 35. Be3 Rc2 36. Bd2 a5 37. Ra1 Rc4 38. Be3 Bxe3 39. fxe3 Rc5 40. e4 Ke7 0-1

[Event "HUN-ch Blitz"]
[Site "Ajka"]
[Date "2024.07.19"]
[Round "7"]
[White "Mihok, Oliver"]
[Black "Buzas, Bertalan"]
[Result "0-1"]
[WhiteElo "2522"]
[BlackElo "2276"]
[PlyCount "54"]
[EventDate "2024.07.19"]
[EventType "swiss (blitz)"]
[EventRounds "13"]
[EventCountry "HUN"]
[SourceTitle "CBM 221 Extra"]
[Source "ChessBase"]
[SourceDate "2024.09.30"]
[SourceVersion "1"]
[SourceVersionDate "2024.09.30"]
[SourceQuality "1"]

1. e4 c6 2. Nf3 d5 3. d3 Qc7 4. Be2 dxe4 5. dxe4 e5 6. 0-0 Nf6 7. Nbd2 Be7 8. b3 0-0 9. Bb2 Nfd7 10. Nc4 f6 11. Nh4 Rd8 12. Ne3 Nf8 13. Bc4+ Be6 14. Bxe6+ Nxe6 15. Qg4 Nf8 16. Nhf5 Bc5 17. Rad1 Na6 18. a3 Kh8 19. h4 Qf7 20. h5 Nc7 21. Nc4 Rxd1 22. Rxd1 Nce6 23. b4 Be7 24. Ncd6 Bxd6 25. Nxd6 Qe7 26. c4 Rd8 27. c5 b6 0-1

[Event "HUN-chT 2324"]
[Site "Hungary"]
[Date "2024.05.12"]
[Round "9.3"]
[White "Pap, Gyula"]
[Black "Buzas, Bertalan"]
[Result "1-0"]
[WhiteElo "2444"]
[BlackElo "2251"]
[PlyCount "75"]
[EventDate "2023.10.28"]
[EventType "team-tourn"]
[EventRounds "9"]
[EventCountry "HUN"]
[SourceTitle "EXT 2025"]
[Source "ChessBase"]
[SourceDate "2024.10.14"]
[SourceVersion "1"]
[SourceVersionDate "2024.10.14"]
[SourceQuality "1"]
[WhiteTeam "Kobanya Aquarena"]
[BlackTeam "Tapolca Varos"]
[WhiteTeamCountry "HUN"]
[BlackTeamCountry "HUN"]

1. e4 c6 2. d4 d5 3. Nd2 dxe4 4. Nxe4 Nf6 5. Nxf6+ exf6 6. c3 Bd6 7. Bd3 0-0 8. Qc2 Re8+ 9. Be3 h5 10. Nf3 Bf4 11. 0-0 Qc7 12. Rae1 Be6 13. d5 Bd7 14. Bxf4 Qxf4 15. Qb3 Na6 16. Qxb7 Nc5 17. Rxe8+ Rxe8 18. Qxa7 Qd6 19. Bc2 cxd5 20. Re1 Rxe1+ 21. Nxe1 g6 22. Nd3 Ne6 23. Ba4 Bxa4 24. Qxa4 d4 25. cxd4 Nxd4 26. Qc4 g5 27. h3 f5 28. Kh1 Ne6 29. a4 f4 30. a5 g4 31. a6 gxh3 32. a7 hxg2+ 33. Kg1 Qd8 34. Qc6 Nc7 35. Qxc7 Qxc7 36. a8Q+ Kg7 37. Qxg2+ Kf6 38. Qe4 1-0

[Event "HUN-chT 2324"]
[Site "Hungary"]
[Date "2023.10.29"]
[Round "2.2"]
[White "Buzas, Bertalan"]
[Black "Berkes, Ferenc"]
[Result "1/2-1/2"]
[WhiteElo "2251"]
[BlackElo "2617"]
[PlyCount "128"]
[EventDate "2023.10.28"]
[EventType "team-tourn"]
[EventRounds "9"]
[EventCountry "HUN"]
[SourceTitle "CBM 216 Extra"]
[Source "ChessBase"]
[SourceDate "2023.11.30"]
[SourceVersion "1"]
[SourceVersionDate "2023.11.30"]
[SourceQuality "1"]
[WhiteTeam "Tapolca Varos"]
[BlackTeam "Paks"]
[WhiteTeamCountry "HUN"]
[BlackTeamCountry "HUN"]

1. d4 Nf6 2. c4 d6 3. Nf3 Nbd7 4. g3 e5 5. Bg2 Be7 6. 0-0 0-0 7. Nc3 c6 8. e4 Re8 9. d5 cxd5 10. cxd5 Nc5 11. Ne1 a5 12. Nd3 b6 13. Re1 Nfd7 14. Bf1 Rf8 15. Rb1 Bg5 16. a3 Nxd3 17. Bxd3 Nc5 18. Bc2 Bxc1 19. Rxc1 Bd7 20. b4 axb4 21. axb4 Na6 22. Rb1 b5 23. Bd3 Qb6 24. Qe2 Nc7 25. Rb3 g6 26. Qe3 Qxe3 27. fxe3 Ra7 28. Rc1 Rb8 29. Kf2 Kf8 30. Ke2 Ke7 31. Kd2 g5 32. Kc2 Rg8 33. Rbb1 Rg6 34. Kb3 Rh6 35. Rb2 Rf6 36. Rbc2 Kd8 37. Kb2 Rf3 38. Re1 Rf6 39. Kb3 Rh6 40. Rf1 Ke7 41. Rfc1 Rf6 42. Re1 g4 43. Rf1 Rxf1 44. Bxf1 Ra1 45. Bd3 h5 46. Ra2 Re1 47. Re2 Rf1 48. Rc2 Rf6 49. Nd1 Kd8 50. Rf2 Rxf2 51. Nxf2 Ne8 52. Nd1 Kc7 53. Nc3 Kb6 54. Kc2 Nf6 55. Nb1 Nh7 56. Nd2 Ng5 57. Kd1 f6 58. Ke2 Be8 59. Nb1 Nh7 60. Nc3 Nf8 61. Kf2 Ng6 62. Kg2 Bd7 63. Be2 Ne7 64. Bd3 Be8 1/2-1/2

[Event "HUN-chT1 Charousek 2122"]
[Site "Hungary"]
[Date "2022.02.27"]
[Round "9.4"]
[White "Solymosi, Istvan"]
[Black "Buzas, Bertalan"]
[Result "0-1"]
[WhiteElo "2163"]
[BlackElo "2227"]
[PlyCount "82"]
[EventDate "2021.10.10"]
[EventType "team-tourn"]
[EventRounds "11"]
[EventCountry "HUN"]
[SourceTitle "EXT 2025"]
[Source "ChessBase"]
[SourceDate "2024.10.14"]
[SourceVersion "1"]
[SourceVersionDate "2024.10.14"]
[SourceQuality "1"]
[WhiteTeam "Gyori Elektromos"]
[BlackTeam "Tapolca VSE"]
[WhiteTeamCountry "HUN"]
[BlackTeamCountry "HUN"]

1. d4 Nf6 2. c4 e6 3. Nc3 Bb4 4. f3 Bxc3+ 5. bxc3 d6 6. e4 e5 7. Be3 b6 8. dxe5 dxe5 9. Qxd8+ Kxd8 10. c5 Ba6 11. 0-0-0+ Ke7 12. g4 Bxf1 13. Rxf1 Nfd7 14. cxb6 axb6 15. Kb1 Na6 16. Ne2 Nac5 17. Ng3 g6 18. Rd1 Ra3 19. Rc1 Rha8 20. Rc2 Ne6 21. h4 b5 22. Bc1 R3a4 23. h5 Nb6 24. hxg6 hxg6 25. Ne2 Nc4 26. Rf1 Nc5 27. Rd1 b4 28. Rd5 b3 29. Rxc5 bxc2+ 30. Kxc2 Kd6 31. Rd5+ Ke6 32. f4 c6 33. f5+ Ke7 34. Rd3 Rxa2+ 35. Kb3 Rxe2 36. Kxc4 Rxe4+ 37. Kc5 Rxg4 38. fxg6 Rxg6 39. c4 Ra4 40. Ba3 e4 41. Re3 f5 0-1

[Event "HUN-chT1 Charousek 2122"]
[Site "Hungary"]
[Date "2021.11.07"]
[Round "3.3"]
[White "Gombocz, Ferenc Jr"]
[Black "Buzas, Bertalan"]
[Result "1/2-1/2"]
[WhiteElo "2202"]
[BlackElo "2246"]
[PlyCount "59"]
[EventDate "2021.10.10"]
[EventType "team-tourn"]
[EventRounds "11"]
[EventCountry "HUN"]
[SourceTitle "EXT 2025"]
[Source "ChessBase"]
[SourceDate "2024.10.14"]
[SourceVersion "1"]
[SourceVersionDate "2024.10.14"]
[SourceQuality "1"]
[WhiteTeam "Tungsram ANSK II"]
[BlackTeam "Tapolca VSE"]
[WhiteTeamCountry "HUN"]
[BlackTeamCountry "HUN"]

1. c4 e6 2. g3 d5 3. Bg2 Nf6 4. Nf3 Be7 5. 0-0 0-0 6. d4 c6 7. Qc2 Nbd7 8. Nbd2 b6 9. e4 Ba6 10. b3 Rc8 11. Bb2 c5 12. Rfe1 cxd4 13. exd5 d3 14. Qc3 exd5 15. Nh4 dxc4 16. Nf5 Re8 17. bxc4 Bf8 18. Rxe8 Qxe8 19. Qxd3 Ne5 20. Qc3 Nxc4 21. Nxc4 Rxc4 22. Nh6+ Kh8 23. Qf3 Re4 24. Bxf6 Re1+ 25. Bf1 Bxf1 26. Rxe1 Qxe1 27. Nxf7+ Kg8 28. Nh6+ Kh8 29. Nf7+ Kg8 30. Nh6+ 1/2-1/2

[Event "HUN-ch rapid"]
[Site "Ajka"]
[Date "2020.07.18"]
[Round "7"]
[White "Buzas, Bertalan"]
[Black "Szelenyi, Norbert"]
[Result "1-0"]
[WhiteElo "2258"]
[BlackElo "2283"]
[PlyCount "97"]
[EventDate "2020.07.17"]
[EventType "swiss (rapid)"]
[EventRounds "13"]
[EventCountry "HUN"]
[SourceTitle "CBM 197 Extra"]
[Source "ChessBase"]
[SourceDate "2020.09.30"]
[SourceVersion "1"]
[SourceVersionDate "2020.09.30"]
[SourceQuality "1"]

1. d4 d5 2. Nf3 Nf6 3. Bf4 c5 4. e3 Nc6 5. c3 Qb6 6. Qb3 c4 7. Qxb6 axb6 8. Na3 Bf5 9. Nh4 e6 10. Nb5 Ra5 11. Nd6+ Bxd6 12. Bxd6 Kd7 13. Nxf5 exf5 14. Bg3 b5 15. a3 b4 16. cxb4 Nxb4 17. Rc1 Nc6 18. Be2 Re8 19. 0-0 b5 20. Bd1 Ne4 21. Bc2 Nxg3 22. fxg3 g6 23. g4 Rxe3 24. gxf5 g5 25. Kf2 Re8 26. f6 Nxd4 27. Rcd1 Nxc2 28. Rxd5+ Kc6 29. Rxg5 Re6 30. Kg3 Ne3 31. Rf3 Nd5 32. Rg7 Ra7 33. Rxh7 Nxf6 34. Rh8 Ne4+ 35. Kf4 Rae7 36. h4 Nd2 37. Rg3 Re4+ 38. Kg5 R4e6 39. Kf4 Rf6+ 40. Kg4 Ne4 41. Rf3 Rg6+ 42. Kh3 Rd6 43. Rc8+ Kb7 44. Rf8 Rd3 45. Kg4 Nf6+ 46. Rxf6 Rb3 47. R8xf7 Rxf7 48. Rxf7+ Kc6 49. Rf2 1-0

[Event "HUN-ch rapid"]
[Site "Ajka"]
[Date "2020.07.18"]
[Round "9"]
[White "Emodi, Barnabas"]
[Black "Buzas, Bertalan"]
[Result "1-0"]
[WhiteElo "2352"]
[BlackElo "2258"]
[PlyCount "109"]
[EventDate "2020.07.17"]
[EventType "swiss (rapid)"]
[EventRounds "13"]
[EventCountry "HUN"]
[SourceTitle "CBM 197 Extra"]
[Source "ChessBase"]
[SourceDate "2020.09.30"]
[SourceVersion "1"]
[SourceVersionDate "2020.09.30"]
[SourceQuality "1"]

1. d4 Nf6 2. Nf3 e6 3. c4 Bb4+ 4. Nbd2 0-0 5. e3 d5 6. b3 Ne4 7. Bd3 f5 8. 0-0 c6 9. a3 Bd6 10. Bb2 Bd7 11. Ne5 Be8 12. f3 Bh5 13. Qe1 Nxd2 14. Qxd2 Bxe5 15. dxe5 dxc4 16. bxc4 c5 17. Rfd1 Nc6 18. Be2 Qxd2 19. Rxd2 Rad8 20. Rd6 Kf7 21. Bc3 Rxd6 22. exd6 e5 23. g4 Bg6 24. h4 fxg4 25. fxg4 Ke6 26. h5 Be4 27. Rd1 Rd8 28. g5 Rxd6 29. Rf1 Ke7 30. Be1 g6 31. h6 Bd3 32. Kf2 a6 33. Bc3 Bxe2 34. Kxe2 b5 35. cxb5 axb5 36. Rb1 Ke6 37. Rxb5 Kf5 38. Rb7 Kxg5 39. Rxh7 Kf6 40. Rc7 Nd4+ 41. exd4 exd4 42. Bd2 Ra6 43. h7 Ra8 44. Rxc5 g5 45. Bxg5+ Kg6 46. Bd2 Kxh7 47. Bb4 Kg6 48. Kd3 Rd8 49. a4 Kf6 50. a5 Rb8 51. Rc4 Ke6 52. Rxd4 Rb7 53. Rd6+ Ke5 54. Rb6 Ra7 55. Kc4 1-0

[Event "Balatonalmadi Pannonia Cup 27th"]
[Site "Balatonalmadi"]
[Date "2019.07.25"]
[Round "3"]
[White "Buzas, Bertalan"]
[Black "Zentai, Peter1"]
[Result "0-1"]
[WhiteElo "2211"]
[BlackElo "2301"]
[PlyCount "100"]
[EventDate "2019.07.24"]
[EventType "swiss"]
[EventRounds "7"]
[EventCountry "HUN"]
[SourceTitle "CBM 191 Extra"]
[Source "ChessBase"]
[SourceDate "2019.09.30"]
[SourceVersion "1"]
[SourceVersionDate "2019.09.30"]
[SourceQuality "1"]

1. d4 Nf6 2. Nf3 d5 3. Bf4 c5 4. e3 Nc6 5. c3 e6 6. Nbd2 cxd4 7. exd4 Nh5 8. Be3 Bd6 9. Ne5 g6 10. Nd3 Qc7 11. g3 Ng7 12. Bg2 Nf5 13. 0-0 0-0 14. Re1 b6 15. b4 Bb7 16. a4 Rac8 17. Nb3 Nxe3 18. Rxe3 a5 19. b5 Ne7 20. Bh3 Kg7 21. Bg4 h5 22. Bh3 Rh8 23. Rc1 h4 24. Bg4 hxg3 25. fxg3 Rh6 26. Nd2 Qd8 27. Qf3 f5 28. Rxe6 Qd7 29. Rce1 Rxc3 30. Nc5 Rxc5 31. dxc5 Bxc5+ 32. Kf1 Ng8 33. Nb3 fxg4 34. Nxc5 bxc5 35. Qxg4 Qf7+ 36. Kg1 Bc8 37. Rxg6+ Rxg6 38. Qxc8 c4 39. Qd8 Re6 40. Rf1 Nf6 41. Qxa5 Qb7 42. Qc3 Qa7+ 43. Kh1 Qxa4 44. g4 Qb3 45. Qd4 Qd3 46. Qa7+ Kg6 47. Qf2 Qe4+ 48. Kg1 Qxg4+ 49. Kh1 Qe4+ 50. Kg1 Qe3 0-1

[Event "HUN-chT2 Charousek 1819"]
[Site "Hungary"]
[Date "2019.02.10"]
[Round "7.7"]
[White "Buzas, Bertalan"]
[Black "Varga, Richard"]
[Result "1/2-1/2"]
[WhiteElo "2261"]
[BlackElo "2073"]
[PlyCount "101"]
[EventDate "2018.09.23"]
[EventType "team-tourn"]
[EventRounds "11"]
[EventCountry "HUN"]
[SourceTitle "CBM 189 Extra"]
[Source "ChessBase"]
[SourceDate "2019.05.31"]
[SourceVersion "1"]
[SourceVersionDate "2019.05.31"]
[SourceQuality "1"]
[WhiteTeam "Tapolca Varosi"]
[BlackTeam "Aquaprofit Nagykanizsa II"]
[WhiteTeamCountry "HUN"]
[BlackTeamCountry "HUN"]

1. d4 Nf6 2. Nf3 g6 3. g3 Bg7 4. Bg2 0-0 5. 0-0 d6 6. b3 Nbd7 7. Bb2 c6 8. Nbd2 Qc7 9. e4 e5 10. dxe5 dxe5 11. Qe2 Re8 12. a4 a5 13. Nc4 b6 14. Rfd1 Ba6 15. Nfd2 Rad8 16. Ba3 Bf8 17. Bxf8 Nxf8 18. Qe3 N6d7 19. Bf1 Nc5 20. Nxa5 Bxf1 21. Kxf1 Nfe6 22. Nac4 Nd4 23. Rac1 b5 24. axb5 cxb5 25. Nb2 Qc8 26. Kg2 f5 27. b4 f4 28. Qe1 Nce6 29. c3 f3+ 30. Kh1 Ne2 31. Nxf3 Nxc1 32. Rxc1 Qb8 33. Qe2 Re7 34. Nd3 Nf8 35. Kg2 Nd7 36. h4 Nb6 37. Nc5 Nc4 38. h5 Qb6 39. Rc2 Qf6 40. Nh4 Rf7 41. Ra2 Rdf8 42. Nd3 Qb6 43. Kh2 Kg7 44. hxg6 hxg6 45. Qg4 Rxf2+ 46. Rxf2 Rxf2+ 47. Nxf2 Qxf2+ 48. Ng2 Ne3 49. Qd7+ Kh6 50. Qh3+ Kg7 51. Qd7+ 1/2-1/2